Elementary CBS cast - Statistics

General Stats
  • This quiz has been taken 20 times
  • The average score is 7 of 52
Answer Stats
actor Character % Correct
Lucy Liu Joan Watson
100%
Vinnie Jones Sebastian Moran
100%
Johnny Lee Miller Sherlock Holmes
100%
Ophelila Lovibond Kitty Winter
82%
Jon Michael Hill Marcus Bell
76%
Rhys Ifans Mycroft Holmes
59%
John Noble Morland Holmes
47%
Aidan Quinn Captain Gregson
29%
Sean Pertwee Gareth Lestrade
24%
Betty Gilpin Fiona Helbron
18%
Natalie Dormer Jamie Moriaty
18%
Virginia Madsen Paige
18%
Ato Essandoh Alfredo
12%
Nelsan Ellis Shinwell Johnson
12%
Tim Guinee Agent McNally
6%
Malcolm Goodwin Andre Bell
6%
Raza Jaffrey Andrew
6%
Ally laonnides Cassie
6%
Chasten Harmon Chantal
6%
Jon Huertas Halcon
6%
Liza Bennett Hannah Gregson
6%
John Hannah Rhys Kinlan
6%
laura Benanti Abigail Spencer
0%
Johnny Simmons Adam Kemper
0%
Anastasia Griffith Agatha Spurrell
0%
Roger Rees Alistair Moore
0%
Scott Shepherd Anson Gephardt
0%
Katie Finneran Barbara Conway
0%
Rob Bartlett Captain Dwyer
0%
Heather Burns Chloe Butler
0%
Alicia Witt Dana powell
0%
Gina Gershon Elana March
0%
Wrenn Schmidt Ellory
0%
Jordan Gelber Eugene Hawes
0%
Christian Campbell Ezra Kleinfelter
0%
Jake Weber Geoffrey Silver
0%
Rich Sommer Harlan Emple
0%
Lisa Edelstein Heather Van Owen
0%
Aleksa Palladino Iris Lanzer
0%
Kari Hatchett Kathryn Drummond
0%
Samantha Quan Lin Wen
0%
Freda Foh Shen Mary Watson
0%
Robert Capron Mason
0%
Richard Thomas Mitch Barrett
0%
James Frain Odin Reichenbach
0%
Michael Weston Oscar Rankin
0%
Mac Brandt Patrick Meers
0%
Jennifer ferrin Rebeca Ellison
0%
Raphael Sbarge Richard Davenport
0%
Robert Christopher Riley Roy Booker
0%
Lynn Collins Tanya Barrett
0%
Sutton foster Tara Parker
0%
No matching quizzes found
Score Distribution
Percent of People with Each Score
Percentile by Number Answered
Your Score History
You have not taken this quiz